[Event "New York op"]
[Site "New York"]
[Date "1998.03.20"]
[Round "7"]
[White "Sagalchik, Gennadij"]
[Black "Akopian, Vladimir"]
[Result "0-1"]
[WhiteElo "2550"]
[BlackElo "2660"]
[PlyCount "72"]
[EventDate "1998.03.16"]
[Source "ChessBase"]
[SourceDate "1998.06.15"]

1. d4 Nf6 2. c4 e6 3. Nc3 Bb4 4. a3 Bxc3+ 5. bxc3 c5 6. f3 d5 7. e3 O-O 8. Bd3 Qc7 9. Qb3 b6 10. cxd5 exd5 11. Qb1 Ba6 12. Bxa6 Nxa6 13. Ne2 cxd4 14. cxd4 Qc4 15. Ra2 Rac8 16. O-O Nc7 17. a4 Rfe8 18. Ng3 g6 19. Bd2 Ne6 20. a5 bxa5 21. Rc1 Qa6 22. Rxa5 Rxc1+ 23. Qxc1 Qb6 24. Qa1 Re7 25. Ne2 Rb7 26. Nc3 Qc7 27. Qa2 Qb8 28. Be1 Rb2 29. Qa4 Ng5 30. f4 Ng4 31. Rb5 Rxg2+ 32. Kxg2 Nxe3+ 33. Kg3 Nf1+ 34. Kg2 Qxf4 35. Bf2 Ne3+ 36. Bxe3 Qf3+ 0-1

[Event "Cacak"]
[Site "?"]
[Date "1995.??.??"]
[Round "?"]
[White "Ilincic, Z."]
[Black "Georgiev, Ki"]
[Result "0-1"]
[WhiteElo "2555"]
[BlackElo "2605"]
[PlyCount "72"]
[EventDate "1995.??.??"]
[Source "ChessBase"]
[SourceDate "1996.02.01"]

1. d4 Nf6 2. c4 e6 3. Nc3 Bb4 4. f3 d5 5. a3 Bxc3+ 6. bxc3 c5 7. e3 O-O 8. Rb1 b6 9. cxd5 Nxd5 10. Qd2 Ba6 11. Bxa6 Nxa6 12. Ne2 Rc8 13. e4 Ne7 14. Qd3 Nb8 15. O-O Nbc6 16. Rd1 Qd7 17. Bf4 Rfd8 18. Qa6 cxd4 19. cxd4 h6 20. Rb5 Na5 21. d5 exd5 22. exd5 Nb7 23. Be3 Rc2 24. Nf4 Nf5 25. Bf2 Nbd6 26. Rb4 Re8 27. g4 Ne3 28. Qd3 Rxf2 29. Kxf2 Nxd1+ 30. Qxd1 Qc7 31. Rb3 Ne4+ 32. fxe4 Qxf4+ 33. Qf3 Qxh2+ 34. Ke3 Qg1+ 35. Kf4 g5+ 36. Kf5 Qd4 0-1

[Event "Linares NL"]
[Site "Linares ESP"]
[Date "1994.??.??"]
[Round "8"]
[White "Sagalchik, Gennadij"]
[Black "Morovic Fernandez, Ivan E"]
[Result "1-0"]
[WhiteElo "2545"]
[BlackElo "2605"]
[PlyCount "89"]
[EventDate "1994.09.??"]
[Source "www.chesslib.no"]
[SourceDate "2004.05.04"]

1. d4 Nf6 2. c4 e6 3. Nc3 Bb4 4. a3 Bxc3+ 5. bxc3 c5 6. f3 d5 7. e3 Nc6 8. Bd3 dxc4 9. Bxc4 O-O 10. Ne2 e5 11. Bb2 Nd5 12. Kf2 Be6 13. Bxd5 Bxd5 14. e4 Bc4 15. d5 Na5 16. Ng3 Qh4 17. Re1 Rad8 18. Kg1 g6 19. Bc1 b6 20. Qc2 h5 21. Qd2 Qf6 22. Rb1 Ba6 23. Nf1 Qg7 24. Qa2 Rfe8 25. Ne3 Bd3 26. Rb2 f5 27. exf5 gxf5 28. Rd2 e4 29. fxe4 Qxc3 30. Rdd1 Bxe4 31. Qf2 Qg7 32. Nxf5 Qg6 33. Nh6+ Kg7 34. Re3 Rf8 35. Qb2+ Kh7 36. Rg3 Qf6 37. Qxf6 Rxf6 38. Bg5 Rxh6 39. Bxd8 Rd6 40. Bh4 Rxd5 41. Re1 Bc2 42. Re7+ Kh6 43. Bf6 Nc6 44. Re6 Ba4 45. Bc3+ 1-0

[Event "Kemerovo"]
[Site "Kemerovo"]
[Date "1995.??.??"]
[Round "7"]
[White "Sagalchik, Gennadij"]
[Black "Pigusov, Evgeny A"]
[Result "1/2-1/2"]
[WhiteElo "2530"]
[BlackElo "2590"]
[PlyCount "37"]
[EventDate "1995.??.??"]
[Source "www.chesslib.no"]
[SourceDate "2004.05.04"]

1. d4 Nf6 2. c4 e6 3. Nc3 Bb4 4. a3 Bxc3+ 5. bxc3 c5 6. f3 d5 7. e3 O-O 8. Bd3 dxc4 9. Bxc4 Qc7 10. Qd3 Nc6 11. Ne2 Rd8 12. Ba2 b6 13. O-O a5 14. Rd1 Ba6 15. Qc2 Ne7 16. Qb2 Qe5 17. Re1 Rdb8 18. c4 Rd8 19. Nf4 1/2-1/2

[Event "Kemerovo1"]
[Site "Kemerovo"]
[Date "1995.??.??"]
[Round "7"]
[White "Sagalchik, Gennadij"]
[Black "Pigusov, Evgeny"]
[Result "1/2-1/2"]
[WhiteElo "2515"]
[BlackElo "2580"]
[PlyCount "37"]
[EventDate "1995.08.??"]
[Source "ChessBase"]

1. d4 Nf6 2. c4 e6 3. Nc3 Bb4 4. a3 Bxc3+ 5. bxc3 c5 6. f3 d5 7. e3 O-O 8. Bd3 dxc4 9. Bxc4 Qc7 10. Qd3 Nc6 11. Ne2 Rd8 12. Ba2 b6 13. O-O a5 14. Rd1 Ba6 15. Qc2 Ne7 16. Qb2 cxd4 17. cxd4 Ned5 18. Re1 Rac8 19. e4 1/2-1/2

[Event "EUCup Moscow-ZSKA"]
[Site "Moscow RUS"]
[Date "1989.??.??"]
[Round "?"]
[White "Yurtaev, Leonid"]
[Black "Vyzmanavin, Alexey B"]
[Result "1/2-1/2"]
[WhiteElo "2510"]
[BlackElo "2550"]
[PlyCount "95"]
[EventDate "1989.??.??"]
[Source "www.chesslib.no"]
[SourceDate "2004.05.04"]

1. d4 Nf6 2. c4 e6 3. Nc3 Bb4 4. a3 Bxc3+ 5. bxc3 c5 6. f3 Nc6 7. e4 d6 8. Rb1 e5 9. d5 Ne7 10. Bd3 Ng6 11. Ne2 Nh5 12. g3 O-O 13. h4 b6 14. Qc2 h6 15. Kf2 Bd7 16. Be3 Qf6 17. Kg2 Rab8 18. Qd2 Rbe8 19. Rh2 Qd8 20. g4 Nf6 21. h5 Ne7 22. g5 hxg5 23. h6 Nh7 24. hxg7 Kxg7 25. Rbh1 Rh8 26. Ng3 Ng6 27. Nf5+ Bxf5 28. exf5 Nh4+ 29. Kf2 f6 30. Be4 Qd7 31. Qc2 Rb8 32. a4 Rbg8 33. Kf1 Qd8 34. Bf2 Nf8 35. Bxh4 Rxh4 36. Rxh4 gxh4 37. Rxh4 Nh7 38. Qh2 Ng5 39. Rh6 Rh8 40. Rxh8 Qxh8 41. Qxh8+ Kxh8 42. Kg2 Kg7 43. Kg3 Kh6 44. Kg4 Nf7 45. Kh4 Nd8 46. Kg4 Nb7 47. Bb1 Na5 48. Ba2 1/2-1/2

[Event "New York Open"]
[Site "New York, NY USA"]
[Date "1984.??.??"]
[Round "3"]
[White "McCambridge, Vincent"]
[Black "Sosonko, Gennadi P"]
[Result "1/2-1/2"]
[WhiteElo "2465"]
[BlackElo "2560"]
[PlyCount "58"]
[EventDate "1984.04.??"]
[Source "www.chesslib.no"]
[SourceDate "2004.05.04"]

1. d4 Nf6 2. c4 e6 3. Nc3 Bb4 4. a3 Bxc3+ 5. bxc3 b6 6. f3 Ba6 7. e4 Nc6 8. Bg5 h6 9. Bh4 Na5 10. Qa4 Qc8 11. Nh3 Qb7 12. Nf2 Qc6 13. Qxc6 dxc6 14. Bxf6 gxf6 15. Ng4 f5 16. exf5 exf5 17. Ne5 f6 18. Ng6 Rg8 19. Nh4 f4 20. Kf2 Kd7 21. Nf5 h5 22. Re1 Rae8 23. Rxe8 Rxe8 24. Ng7 Rh8 25. g3 Bxc4 26. Bh3+ Ke7 27. gxf4 Kf7 28. Nf5 Re8 29. Ne3 Bb5 1/2-1/2

[Event "US Open"]
[Site "Los Angeles"]
[Date "2003.08.11"]
[Round "8"]
[White "Taylor, Timothy"]
[Black "Sulskis, Sarunas"]
[Result "0-1"]
[WhiteElo "2401"]
[BlackElo "2578"]
[PlyCount "102"]
[EventDate "2003.08.03"]
[Source "Roberto Alvarez"]
[SourceDate "2003.08.18"]

1. d4 Nf6 2. c4 e6 3. Nc3 Bb4 4. a3 Bxc3+ 5. bxc3 Ne4 6. e3 O-O 7. Bd3 f5 8. Ne2 b6 9. O-O Ba6 10. a4 c5 11. Ng3 Nxg3 12. fxg3 Nc6 13. Ra2 Na5 14. Raf2 d5 15. g4 Bxc4 16. gxf5 exf5 17. dxc5 g6 18. g4 Nb3 19. gxf5 Bxd3 20. Qxd3 Nxc5 21. Qd4 Ne4 22. Rg2 Rc8 23. Ba3 Rf7 24. c4 Rxc4 25. Qe5 Rc6 26. Rd1 Nc3 27. Bb2 Re7 28. Qd4 Re4 29. Qd3 Nxd1 30. Qxd1 Qd7 31. f6 Kf7 32. Rg5 Rcc4 33. Rxd5 Qg4+ 34. Qxg4 Rxg4+ 35. Kf2 Rc2+ 36. Kf3 Rxb2 37. Kxg4 Kxf6 38. a5 Ke6 39. e4 Rxh2 40. axb6 axb6 41. Rb5 Rh1 42. Rxb6+ Ke5 43. Rb4 h5+ 44. Kf3 Rh3+ 45. Kf2 Kf4 46. Rb6 g5 47. e5 Rh2+ 48. Kg1 Re2 49. e6 Kf5 50. Rb5+ Kf6 51. Rb8 Rxe6 0-1

[Event "Abu Dhabi Masters op"]
[Site "Abu Dhabi"]
[Date "1999.08.29"]
[Round "8"]
[White "Yurtaev, Leonid"]
[Black "Roeder, Mathias"]
[Result "1/2-1/2"]
[WhiteElo "2539"]
[BlackElo "2426"]
[PlyCount "28"]
[EventDate "1999.08.21"]
[Source "www.chesslib.no"]
[SourceDate "2004.05.04"]

1. d4 Nf6 2. c4 e6 3. Nc3 Bb4 4. a3 Bxc3+ 5. bxc3 b6 6. f3 Ba6 7. e4 Nc6 8. Bg5 h6 9. Bh4 Na5 10. Qa4 Qc8 11. Rd1 Qb7 12. e5 g5 13. Bf2 Nh5 14. d5 exd5 1/2-1/2

[Event "Jagodina"]
[Site "?"]
[Date "1993.??.??"]
[Round "?"]
[White "Ilincic, Z."]
[Black "Averkin, O."]
[Result "1-0"]
[WhiteElo "2470"]
[BlackElo "2490"]
[PlyCount "59"]
[EventDate "1993.??.??"]
[Source "ChessBase"]
[SourceDate "1993.06.01"]

1. d4 Nf6 2. c4 e6 3. Nc3 Bb4 4. f3 d5 5. a3 Bxc3+ 6. bxc3 c5 7. e3 O-O 8. cxd5 Nxd5 9. Ne2 Nc6 10. e4 Nb6 11. dxc5 Qxd1+ 12. Kxd1 Na4 13. Be3 Bd7 14. Kc2 Rfc8 15. Nc1 Na5 16. Nd3 f6 17. Be2 b6 18. Rhb1 bxc5 19. Nc1 Nb6 20. Bb5 Nac4 21. Bf2 Nd6 22. Bxd7 Nxd7 23. Nd3 c4 24. Nb2 Kf7 25. Rd1 Ke7 26. Rd2 Rc6 27. Rad1 Rac8 28. Bxa7 Ra8 29. Bf2 Ne5 30. Rxd6 1-0

[Event "Magistral de VRSA 3rd"]
[Site "Santo Antonio"]
[Date "2000.05.23"]
[Round "4"]
[White "Santos, Carlos P"]
[Black "Yakovich, Yuri"]
[Result "1/2-1/2"]
[WhiteElo "2379"]
[BlackElo "2580"]
[PlyCount "193"]
[EventDate "2000.05.20"]
[Source "ChessBase"]
[SourceDate "2000.07.11"]

1. d4 Nf6 2. c4 e6 3. Nc3 Bb4 4. a3 Bxc3+ 5. bxc3 b6 6. f3 Ba6 7. e4 Nc6 8. e5 Ng8 9. Nh3 Na5 10. Qa4 Qh4+ 11. g3 Qe7 12. Nf2 f6 13. Ne4 f5 14. Bg5 Qf7 15. Nc5 Bc8 16. d5 bxc5 17. Qxa5 Qh5 18. h4 Qxf3 19. Qxc7 Qxc3+ 20. Kf2 Qd4+ 21. Kg2 Qb2+ 22. Kf3 Qb6 23. Qxb6 axb6 24. Bg2 Nh6 25. Rhb1 Nf7 26. Bf4 Ra6 27. a4 d6 28. exd6 e5 29. Re1 Kd7 30. Bxe5 Nxe5+ 31. Rxe5 Kxd6 32. Kf4 Bd7 33. Bf3 g6 34. Bd1 h6 35. Re1 Rg8 36. Bc2 g5+ 37. hxg5 hxg5+ 38. Kf3 Rh8 39. Kg2 Rh6 40. Ra3 Ra8 41. Rb3 Ra6 42. Rbe3 Rf6 43. Re7 f4 44. gxf4 Rxf4 45. Rg7 Rxc4 46. Rg6+ Kc7 47. d6+ Kc6 48. Be4+ Rxe4 49. Rxe4 Bf5 50. d7+ Kxd7 51. Rg7+ Kd6 52. Re8 g4 53. Rg5 Bd7 54. Rg6+ Kc7 55. Re4 Bxa4 56. Rgxg4 Bb3 57. Kf2 Kc6 58. Ke3 Kb5 59. Kd2 Ra2+ 60. Kc3 Bd5 61. Re5 Ra3+ 62. Kb2 Rd3 63. Reg5 Bf7 64. Kc2 Rf3 65. Rg3 Rf2+ 66. Kc3 Ra2 67. R3g4 Be6 68. Rf4 Ra3+ 69. Kc2 Rh3 70. Re5 Bc4 71. Rg5 Kb4 72. Rgg4 Rh2+ 73. Kb1 b5 74. Rxc4+ bxc4 75. Rg3 Rd2 76. Kc1 Rd3 77. Rg5 Rh3 78. Kb2 Rh2+ 79. Kc1 Kb3 80. Rxc5 Kc3 81. Kb1 Rb2+ 82. Kc1 Re2 83. Kb1 Re1+ 84. Ka2 Kd3 85. Kb2 Re2+ 86. Kc1 Kc3 87. Kb1 Re1+ 88. Ka2 Rc1 89. Rh5 Rd1 90. Rf5 Rd4 91. Kb1 Kd2 92. Rh5 Rd3 93. Rh2+ Kc3 94. Kc1 Rg3 95. Rc2+ Kb4 96. Rb2+ Rb3 97. Ra2 1/2-1/2

[Event "Geneve op"]
[Site "Geneve"]
[Date "1996.??.??"]
[Round "8"]
[White "Liardet, Fabrice"]
[Black "Tukmakov, Vladimir B"]
[Result "0-1"]
[WhiteElo "2355"]
[BlackElo "2595"]
[PlyCount "56"]
[EventDate "1996.01.??"]
[Source "ChessBase"]

1. d4 Nf6 2. c4 e6 3. Nc3 Bb4 4. a3 Bxc3+ 5. bxc3 b6 6. f3 Ba6 7. e4 Nc6 8. e5 Ng8 9. Nh3 Qe7 10. Qa4 Na5 11. c5 Bxf1 12. Rxf1 f6 13. f4 Nh6 14. Be3 Ng4 15. Bg1 O-O 16. O-O-O Nc6 17. Rfe1 fxe5 18. dxe5 Nh6 19. g3 Rab8 20. Ng5 Nf5 21. Rd3 bxc5 22. Ne4 c4 23. Bc5 d6 24. Qxc6 cxd3 25. Bb4 Rb6 26. Qc4 Rfb8 27. Qxd3 a5 28. Bxa5 d5 0-1

[Event "2nd Misr Closed"]
[Site "Ismailia"]
[Date "2004.08.19"]
[Round "5"]
[White "Abdel Razik, Khaled"]
[Black "Timoshenko, Georgy"]
[Result "0-1"]
[WhiteElo "2410"]
[BlackElo "2536"]
[PlyCount "50"]
[EventDate "2004.08.16"]
[Source "Roberto Alvarez"]
[SourceDate "2004.09.06"]

1. d4 Nf6 2. c4 e6 3. Nc3 Bb4 4. a3 Bxc3+ 5. bxc3 b6 6. e4 d6 7. e5 dxe5 8. Qf3 e4 9. Qg3 O-O 10. h4 Kh8 11. Bg5 Nbd7 12. h5 h6 13. Bf4 Ba6 14. Bxc7 Qc8 15. Rh4 Qb7 16. f3 Rac8 17. Bd6 Rfe8 18. Rg4 Nxg4 19. fxg4 f6 20. Nh3 Bxc4 21. g5 fxg5 22. Nxg5 hxg5 23. Qxg5 Qd5 24. Be5 Nxe5 25. dxe5 Rf8 0-1

[Event "Geneve op"]
[Site "Geneve"]
[Date "1996.??.??"]
[Round "4"]
[White "Liardet, Fabrice"]
[Black "Sokolov, Andrei"]
[Result "0-1"]
[WhiteElo "2355"]
[BlackElo "2580"]
[PlyCount "80"]
[EventDate "1996.01.??"]
[Source "ChessBase"]

1. d4 Nf6 2. c4 e6 3. Nc3 Bb4 4. a3 Bxc3+ 5. bxc3 b6 6. f3 Nc6 7. e4 Ba6 8. e5 Ng8 9. Nh3 Na5 10. Bg5 f6 11. Bh4 Qe7 12. f4 Qf7 13. Nf2 Ne7 14. exf6 Nf5 15. fxg7 Qxg7 16. Bg5 h6 17. Qh5+ Qf7 18. Be2 O-O 19. Qxf7+ Rxf7 20. Bh5 hxg5 21. Bxf7+ Kxf7 22. fxg5 Nxc4 23. O-O-O Nce3 24. Rd2 Kg6 25. h4 Rh8 26. d5 exd5 27. g4 Nxh4 28. Rh3 Neg2 29. Nd3 Bxd3 30. Rhxd3 c6 31. Rf2 Rh7 32. Rg3 Kxg5 33. Rgxg2 Nxg2 34. Rxg2 b5 35. Kc2 a5 36. Kd3 Rh3+ 37. Kd4 Rh4 38. Ke5 Rxg4 39. Rf2 Rc4 40. Rg2+ Kh4 0-1

[Event "URS-FL"]
[Site "Baku"]
[Date "1977.??.??"]
[Round "6"]
[White "Gutman, Lev"]
[Black "Savon, Vladimir A"]
[Result "1/2-1/2"]
[WhiteElo "2395"]
[BlackElo "2540"]
[PlyCount "62"]
[EventDate "1977.??.??"]
[Source "ChessBase"]

1. d4 Nf6 2. c4 e6 3. Nc3 Bb4 4. a3 Bxc3+ 5. bxc3 c5 6. f3 Nc6 7. e4 d6 8. Be3 Qa5 9. Qd2 b6 10. Bd3 cxd4 11. cxd4 Qxd2+ 12. Kxd2 Ba6 13. Rb1 e5 14. Ne2 O-O 15. f4 exf4 16. Bxf4 Rfe8 17. Ke3 Na5 18. Nc3 Nxc4+ 19. Bxc4 Bxc4 20. Bxd6 Rad8 21. Bg3 Nd5+ 22. Nxd5 Bxd5 23. e5 Rc8 24. Rhc1 Bxg2 25. a4 h6 26. a5 bxa5 27. Rxc8 Rxc8 28. Ra1 Rc7 29. Rxa5 Rd7 30. Be1 Bd5 31. Bb4 f6 1/2-1/2

[Event "Malta ol (Men)"]
[Site "La Valetta"]
[Date "1980.??.??"]
[Round "?"]
[White "Diez del Corral, Jesus"]
[Black "Olafsson, Helgi"]
[Result "1/2-1/2"]
[WhiteElo "2485"]
[BlackElo "2445"]
[PlyCount "41"]
[EventDate "1980.11.??"]
[Source "www.chesslib.no"]
[SourceDate "2004.05.04"]

1. d4 Nf6 2. c4 e6 3. Nc3 Bb4 4. a3 Bxc3+ 5. bxc3 c5 6. f3 Nc6 7. e4 d6 8. Be3 Qa5 9. Qd2 cxd4 10. cxd4 b6 11. Bd3 Qxd2+ 12. Kxd2 Na5 13. Rb1 Ba6 14. c5 Bxd3 15. Kxd3 dxc5 16. dxc5 Nd7 17. cxb6 axb6 18. Nh3 Ne5+ 19. Ke2 Nac4 20. Bc1 Nxa3 21. Ra1 1/2-1/2

[Event "Ch (1/2 final)"]
[Site "Lvov UKR"]
[Date "1973.??.??"]
[Round "?"]
[White "Gutman, Lev"]
[Black "Kholmov, Ratmir D"]
[Result "0-1"]
[WhiteElo "2395"]
[BlackElo "2520"]
[PlyCount "94"]
[EventDate "1973.??.??"]
[Source "www.chesslib.no"]
[SourceDate "2004.05.04"]

1. d4 Nf6 2. c4 e6 3. Nc3 Bb4 4. a3 Bxc3+ 5. bxc3 c5 6. f3 d6 7. e4 e5 8. Bd3 cxd4 9. cxd4 exd4 10. Ne2 Nc6 11. O-O Be6 12. Bg5 Rc8 13. f4 h6 14. Bh4 g5 15. fxg5 Ng4 16. Nf4 Nce5 17. Nxe6 fxe6 18. Be2 hxg5 19. Bxg4 Rxh4 20. Bxe6 Rc7 21. Qxd4 Ke7 22. Rf5 Rh6 23. Bd5 Qh8 24. Qd2 Nf3+ 25. gxf3 Qxa1+ 26. Kg2 Qh8 27. Rf7+ Ke8 28. Rxc7 Rxh2+ 29. Kg1 Rh1+ 30. Kf2 Qh2+ 31. Ke3 Qg1+ 32. Kd3 Qb1+ 33. Ke3 Qb3+ 34. Kd4 Rd1 35. Qxd1 Qxd1+ 36. Ke3 Qb3+ 37. Ke2 Qb2+ 38. Kf1 Qxa3 39. Kg2 b6 40. Kg3 a5 41. Rg7 Qa1 42. Rxg5 a4 43. Rg8+ Ke7 44. Ra8 a3 45. Ra7+ Kf6 46. c5 bxc5 47. f4 c4 0-1

[Event "Geneve op"]
[Site "Geneve"]
[Date "1997.??.??"]
[Round "4"]
[White "Liardet, Fabrice"]
[Black "Tukmakov, Vladimir B"]
[Result "0-1"]
[WhiteElo "2330"]
[BlackElo "2585"]
[PlyCount "66"]
[EventDate "1997.01.??"]
[Source "www.chesslib.no"]
[SourceDate "2004.05.04"]

1. d4 Nf6 2. c4 e6 3. Nc3 Bb4 4. a3 Bxc3+ 5. bxc3 b6 6. f3 Nc6 7. e4 Ba6 8. e5 Ng8 9. Nh3 Na5 10. Qa4 Qe7 11. Bd3 O-O-O 12. Bg5 f6 13. Bh4 Qf7 14. O-O Ne7 15. f4 Nf5 16. Bf2 d5 17. exd6 Nxd6 18. f5 exf5 19. Bg3 Bxc4 20. Bxf5+ Kb8 21. Bxd6 Rxd6 22. Rfe1 g6 23. Bc2 Re6 24. Nf4 Re7 25. Rab1 Rhe8 26. Red1 Kc8 27. d5 Rd8 28. Rd4 Qe8 29. Qxe8 Rdxe8 30. Rbd1 Re1+ 31. Kf2 R1e2+ 32. Nxe2 Rxe2+ 33. Kf3 Rxc2 0-1

[Event "Villa Ballester Open 45th"]
[Site "Villa Ballester ARG"]
[Date "1995.??.??"]
[Round "?"]
[White "Minzer, Claudio Javier"]
[Black "Panno, Oscar R"]
[Result "0-1"]
[WhiteElo "2385"]
[BlackElo "2530"]
[PlyCount "84"]
[EventDate "1995.01.??"]
[Source "www.chesslib.no"]
[SourceDate "2004.05.04"]

1. d4 Nf6 2. c4 e6 3. Nc3 Bb4 4. a3 Bxc3+ 5. bxc3 b6 6. f3 Nc6 7. e4 d6 8. Bd3 Na5 9. Bg5 h6 10. Bh4 Ba6 11. Qe2 Qd7 12. a4 e5 13. Bf2 Qe6 14. d5 Qe7 15. Qa2 c6 16. Rd1 cxd5 17. cxd5 Bxd3 18. Rxd3 Qc7 19. Ne2 Rc8 20. O-O O-O 21. Rb1 Nd7 22. Rb5 f5 23. exf5 Rxf5 24. Ng3 Rf7 25. Ne4 Nf6 26. Nd2 Qd7 27. Rb4 Qf5 28. Ne4 Nxe4 29. Rxe4 Rfc7 30. Qa3 Qg6 31. h3 Rc4 32. Rde3 R8c5 33. Qa2 Qf7 34. Rd3 Rxe4 35. Bxc5 Re1+ 36. Kf2 Rh1 37. Be3 Qh5 38. Rd2 Qh4+ 39. Ke2 e4 40. fxe4 Qxe4 41. Kf2 Nc4 42. Re2 Qh4+ 0-1

[Event "HUN-chT2"]
[Site "HUN"]
[Date "1993.??.??"]
[Round "?"]
[White "Vigh, Bela"]
[Black "Loginov, Valery A"]
[Result "1-0"]
[WhiteElo "2400"]
[BlackElo "2505"]
[PlyCount "61"]
[EventDate "1993.??.??"]
[Source "www.chesslib.no"]
[SourceDate "2004.05.04"]

1. d4 Nf6 2. c4 e6 3. Nc3 Bb4 4. a3 Bxc3+ 5. bxc3 b6 6. f3 Ba6 7. e4 Nc6 8. Bg5 h6 9. Bh4 Na5 10. e5 g5 11. Bf2 Nh5 12. h4 Bxc4 13. hxg5 Qxg5 14. Nh3 Qg8 15. g4 Bxf1 16. Kxf1 Ng7 17. Bh4 c6 18. Nf2 d5 19. exd6 Kd7 20. Nd3 Ne8 21. Ne5+ Kxd6 22. Bg3 Ke7 23. Qa4 Rc8 24. Re1 Kd8 25. Bh4+ Kc7 26. Nc4 Qg6 27. Bg3+ Kb7 28. Nxa5+ bxa5 29. Kg2 Ka8 30. Rb1 Nf6 31. Qb3 1-0

[Event "Hoogovens-B"]
[Site "Wijk aan Zee"]
[Date "1972.??.??"]
[Round "?"]
[White "Karaklajic, Nikola"]
[Black "Hecht, Hans Joachim"]
[Result "0-1"]
[WhiteElo "2420"]
[BlackElo "2485"]
[PlyCount "114"]
[EventDate "1972.??.??"]
[Source "ChessBase"]

1. d4 Nf6 2. c4 e6 3. Nc3 Bb4 4. a3 Bxc3+ 5. bxc3 b6 6. f3 Ba6 7. e4 Nc6 8. Bg5 Na5 9. Qa4 h6 10. Be3 O-O 11. e5 Nh7 12. f4 d5 13. cxd5 Bxf1 14. Kxf1 Qxd5 15. h4 f6 16. Nf3 Nc4 17. Re1 fxe5 18. Nxe5 Nxe5 19. dxe5 Qxe5 20. Rh3 Qxc3 21. Rc1 Qd3+ 22. Kg1 Qd8 23. Qc6 Nf6 24. Qxe6+ Rf7 25. Rg3 Qd5 26. f5 Kh7 27. Rc6 Re8 28. Qxd5 Nxd5 29. Bd4 Nf4 30. Kh2 Ne2 31. Rxg7+ Rxg7 32. Bxg7 Kxg7 33. Rxc7+ Kf6 34. g4 h5 35. gxh5 Re7 36. Rxe7 Kxe7 37. h6 Kf6 38. Kh3 Nd4 39. Kg4 Nxf5 40. h7 Nh6+ 41. Kf4 Nf7 42. Ke4 Ke6 43. Kd4 Kd6 44. Kc4 a6 45. Kd4 Nh8 46. Ke4 b5 47. Kf5 a5 48. Ke4 Kc5 49. Ke5 a4 50. h5 b4 51. axb4+ Kb5 52. Kf6 a3 53. Kg7 a2 54. Kxh8 a1=Q+ 55. Kg8 Qg1+ 56. Kf7 Qd4 57. Kg8 Qg4+ 0-1

[Event "Open"]
[Site "?"]
[Date "1997.??.??"]
[Round "?"]
[White "Nikolaidis Ioannis"]
[Black "Nikolaidis Konstantinos"]
[Result "1-0"]
[WhiteElo "2565"]
[BlackElo "2340"]
[PlyCount "59"]
[EventDate "1997.??.??"]
[Source "www.chesslib.no"]
[SourceDate "2004.05.04"]

1. d4 Nf6 2. c4 e6 3. Nc3 Bb4 4. a3 Bxc3+ 5. bxc3 b6 6. f3 Ba6 7. e4 O-O 8. Bg5 d6 9. Bd3 Nbd7 10. Nh3 e5 11. O-O h6 12. Bh4 Qe8 13. Qe2 g5 14. Be1 Nh5 15. g3 Qe6 16. Nf2 Ng7 17. Ng4 Rae8 18. Ne3 c6 19. Bd2 Rc8 20. f4 f6 21. a4 Ra8 22. a5 Rfb8 23. Ng4 Kh7 24. d5 Qe7 25. dxc6 Nc5 26. fxg5 fxg5 27. Rf6 Nxd3 28. Rxh6+ Kg8 29. Qxd3 bxa5 30. Qd5+ 1-0

[Event "CUB Ch"]
[Site "Cuba"]
[Date "1988.??.??"]
[Round "?"]
[White "Arencibia, Juan Joel"]
[Black "Rodriguez Cespedes, Amador"]
[Result "1/2-1/2"]
[WhiteElo "2350"]
[BlackElo "2550"]
[PlyCount "110"]
[EventDate "1988.10.??"]
[Source "www.chesslib.no"]
[SourceDate "2004.05.04"]

1. d4 Nf6 2. c4 e6 3. Nc3 Bb4 4. a3 Bxc3+ 5. bxc3 c5 6. f3 Nc6 7. e4 d6 8. Be3 b6 9. Bd3 Qd7 10. f4 Ba6 11. e5 Ng8 12. Nf3 Nge7 13. O-O d5 14. dxc5 bxc5 15. Bxc5 Bxc4 16. Bxc4 dxc4 17. Qe2 Nd5 18. Ng5 Nce7 19. Ne4 O-O 20. Qxc4 Qc6 21. Qd4 Nf5 22. Qf2 Rfc8 23. Rac1 Rc7 24. Rfe1 h5 25. c4 Nb6 26. Bd6 Rcc8 27. c5 Nd5 28. g3 a6 29. Qf3 g6 30. Rcd1 Kg7 31. Rb1 Ra7 32. Qf2 Rb7 33. Rb2 Rxb2 34. Qxb2 Nde3 35. Qb1 Qd5 36. Re2 h4 37. Rd2 Qc6 38. Qd3 Rh8 39. g4 Nxg4 40. Qf3 Nge3 41. Rd3 Nd5 42. Nc3 Nxd6 43. cxd6 Qb6+ 44. Kg2 h3+ 45. Kf1 Nxc3 46. Rxc3 Qb1+ 47. Kf2 Rb8 48. Re3 Qc1 49. Re1 Rb2+ 50. Re2 Rb1 51. Kg3 Qd1 52. Re3 Qg1+ 53. Kxh3 Rb2 54. Re2 Qd1 55. Re3 Qg1 1/2-1/2

[Event "SWE Ch"]
[Site "Lindesberg"]
[Date "1993.??.??"]
[Round "3"]
[White "Lyrberg, Patrik"]
[Black "Ernst, Thomas"]
[Result "0-1"]
[WhiteElo "2420"]
[BlackElo "2480"]
[PlyCount "50"]
[EventDate "1993.07.??"]
[Source "www.chesslib.no"]
[SourceDate "2004.05.04"]

1. d4 Nf6 2. c4 e6 3. Nc3 Bb4 4. a3 Bxc3+ 5. bxc3 b6 6. e3 O-O 7. Ne2 Ba6 8. Ng3 d5 9. Qf3 c6 10. e4 Bxc4 11. e5 Bxf1 12. exf6 Bc4 13. Bg5 g6 14. h4 c5 15. h5 Qd7 16. Qf4 e5 17. dxe5 Nc6 18. O-O-O Na5 19. hxg6 fxg6 20. Ne4 Qa4 21. Kd2 dxe4 22. Rxh7 Rad8+ 23. Ke3 Qxd1 24. Qh4 Qd2+ 25. Kxe4 Bd5# 0-1

[Event "Moron zt"]
[Site "Moron"]
[Date "1982.??.??"]
[Round "12"]
[White "Debarnot, Roberto L"]
[Black "Sunye Neto, Jaime"]
[Result "0-1"]
[WhiteElo "2425"]
[BlackElo "2475"]
[PlyCount "58"]
[EventDate "1982.03.??"]
[Source "www.chesslib.no"]
[SourceDate "2004.05.04"]

1. d4 Nf6 2. c4 e6 3. Nc3 Bb4 4. a3 Bxc3+ 5. bxc3 Ne4 6. Qc2 f5 7. Nh3 d6 8. f3 Nf6 9. e3 Qe7 10. Bd3 Nc6 11. O-O b6 12. e4 fxe4 13. Bxe4 Bd7 14. Re1 Nxe4 15. Qxe4 e5 16. Bg5 Qf7 17. dxe5 dxe5 18. Rad1 h6 19. Bh4 g5 20. Bg3 O-O-O 21. c5 Kb7 22. Nf2 Bf5 23. Qa4 Qe7 24. cxb6 axb6 25. Qb5 Rxd1 26. Rxd1 Ra8 27. a4 Qa3 28. h4 gxh4 29. Bxh4 Qxc3 0-1

[Event "Grindavik"]
[Site "Grindavik"]
[Date "1984.??.??"]
[Round "7"]
[White "Gutman, Lev"]
[Black "Hjartarson, Johann"]
[Result "0-1"]
[WhiteElo "2480"]
[BlackElo "2415"]
[PlyCount "98"]
[EventDate "1984.03.??"]
[Source "ChessBase"]

1. d4 Nf6 2. c4 e6 3. Nc3 Bb4 4. a3 Bxc3+ 5. bxc3 c5 6. f3 Nc6 7. e4 d6 8. Ne2 e5 9. d5 Ne7 10. h4 h5 11. a4 Bd7 12. Ng3 Qa5 13. Qc2 O-O-O 14. Bd3 Rde8 15. Nf1 g6 16. Nd2 Nh7 17. f4 exf4 18. Nb3 Qc7 19. Bxf4 Nf6 20. O-O-O Ng4 21. Be2 Nf2 22. Rhf1 Nxd1 23. Bxd1 f5 24. Nd2 Kb8 25. Qd3 fxe4 26. Nxe4 Nf5 27. Nxd6 Nxd6 28. Qxg6 Kc8 29. Bxd6 Qa5 30. Qf6 Rh6 31. Qxh6 Qxc3+ 32. Kb1 Qd3+ 33. Kb2 Qxf1 34. Qxh5 Qxc4 35. Qf3 Bxa4 36. Qg4+ Qxg4 37. Bxg4+ Bd7 38. Bf3 b6 39. h5 a5 40. h6 Bf5 41. g4 Bg6 42. g5 Re3 43. Bg4+ Kb7 44. Bf8 c4 45. Bg7 b5 46. Bd4 Rb3+ 47. Ka2 b4 48. Bh5 Bb1+ 49. Ka1 Be4 0-1

[Event "Barbera del Valles (open)"]
[Site "?"]
[Date "2004.07.06"]
[Round "2"]
[White "Raineri Pablo"]
[Black "Moskalenko Viktor"]
[Result "0-1"]
[WhiteElo "2350"]
[BlackElo "2544"]
[PlyCount "52"]
[EventDate "2004.??.??"]
[Source "www.chesslib.no"]
[SourceDate "2004.05.04"]

1. d4 Nf6 2. c4 e6 3. Nc3 Bb4 4. a3 Bxc3+ 5. bxc3 b6 6. f3 Ba6 7. e4 Nc6 8. Bg5 h6 9. Bh4 Qc8 10. Bd3 Na5 11. Qa4 c5 12. Bxf6 gxf6 13. d5 Qc7 14. Ne2 O-O-O 15. f4 f5 16. e5 d6 17. exd6 Rxd6 18. O-O-O Qd7 19. Qxd7+ Rxd7 20. dxe6 fxe6 21. Ng3 Bxc4 22. Bxc4 Nxc4 23. Rde1 Rd3 24. Rxe6 Rxc3+ 25. Kb1 Rd8 26. Re2 Rb3+ 0-1